00708nam a2200253 a 4500001001500000003000700015005001800022008004100040020000500081022000500086040001000091082000800101245004200109250000500151260003500156300001700191500000600208100002300214700002700237942000700264653006900271952009700340999001700437adlib96000001 ViArRB200902210153555.7960221s1955 dcuabcdjdbkoqu001 0deng d a a aAdlib a547 aBasic principles of organic chemistry a aCaliforniabW A Benjaminc1964 axxv,1315p.c a  aRoberts, John D.e aCaserio, Marjorie C.a cBK aPhysical organic chemistryaOrganic chemistryaOrganic reactions 00104070aULbULd2010-06-16l1o547 ROBp00002862r2011-11-29s2011-11-21w2010-06-16yBK c15502d15501